Bands Quiz Stats

 Plays Quiz not verified by Sporcle

Score 0/10 Timer 01:00
0 Plays Today
Band/Singer #1 % Correct
_____ GaGaLady
98.4%
_______ of LeonKings
93.4%
Katy _____Perry
91.8%
Jackson _____Five
91.8%
______ MrazJason
90.2%
U_2
86.9%
______ MclachlanSarah
75.4%
_____'s ManneuinJack
57.4%
He is ___We
54.1%
______ JamesJesse
36.1%

You're not logged in!

Compare scores with friends on all Sporcle quizzes.
OR
Log In

Show Comments

Extras

Created Nov 21, 2010ReportNominate
Tags:Bands Quiz, Singers Quiz

Top Quizzes Today


Score Distribution

Your Account Isn't Verified!

In order to create a playlist on Sporcle, you need to verify the email address you used during registration. Go to your Sporcle Settings to finish the process.

Report this User

Report this user for behavior that violates our Community Guidelines.

Details: